Loading...
| Science - Chemistry | 0 | 8 | 1 | 0 | 75 | 17 | 37.50 | 4 | 8 | 0.00 | 0.00 |
| Science - Biology | 0 | 5 | 0 | 0 | 50 | 50 | 56.80 | 1 | 4 | 0.00 | 0.00 |
| Science - Physics | 0 | 5 | 0 | 0 | 50 | 69 | 77.00 | 1 | 3 | 0.00 | 0.00 |
| History - American | 0 | 3 | 0 | 0 | 30 | 20 | 45.00 | 1 | 3 | 0.00 | 0.00 |
| Current Events | 0 | 2 | 0 | 1 | 20 | 54 | 81.00 | 0 | 0 | 0.00 | 0.00 |
| Geography | 0 | 2 | 0 | 0 | 20 | 40 | 73.00 | 1 | 1 | 0.00 | 0.00 |
| Literature - British | 0 | 2 | 0 | 0 | 20 | 50 | 54.00 | 1 | 2 | 0.00 | 0.00 |
| Religion | 0 | 2 | 0 | 1 | 20 | 41 | 72.50 | 1 | 2 | 0.00 | 0.00 |
| History - Other | 0 | 1 | 0 | 0 | 10 | 29 | 29.00 | 1 | 1 | 0.00 | 0.00 |
| Literature - World | 0 | 1 | 0 | 0 | 10 | 51 | 51.00 | 1 | 1 | 0.00 | 0.00 |
| Literature - American | 0 | 1 | 0 | 0 | 10 | 53 | 53.00 | 1 | 1 | 0.00 | 0.00 |
| Science - Other | 0 | 1 | 0 | 0 | 10 | 101 | 101.00 | 0 | 0 | 0.00 | 0.00 |
| Pop Culture | 0 | 1 | 0 | 0 | 10 | 61 | 61.00 | 0 | 0 | 0.00 | 0.00 |